| 000 | 00602nam a2200181Ia 4500 | ||
|---|---|---|---|
| 001 | 12782 | ||
| 005 | 20260306163006.0 | ||
| 008 | 260306t2008||||xx |||||||||||||| ||spa|| | ||
| 041 | _aESP | ||
| 082 |
_aRD 294.1 _bH22 |
||
| 100 |
_aHarrauer, Christine _eAUT |
||
| 245 | 0 |
_aDiccionario de mitología griega y romana: _bcon referencias sobre la influencia de los temas y motivos antiguos en las artes plásticas, la literatura y la música de Occidente hasta la actualidad |
|
| 260 | _c2008 | ||
| 300 |
_axvii, 924 páginas : _c25 cm. |
||
| 650 | _aGEN | ||
| 654 | _aCHU | ||
| 942 |
_cDIC _dJUS _fJUS _2ddc _n |
||
| 999 |
_c12782 _d12782 |
||